Spieler SC Rapperswil Jona Lakers 2022/23 - Statistiken

Allgemein
  • Dieses Quiz wurde 25 mal gespielt
  • Das Durchschnittsergebnis liegt bei 17 aus 32
Antwortstatistiken
Hint Antwort % Korrekt
#60, Schweiz, Torhüter Melvin Nyffeler
100%
#91, Schweiz, Torhüter Robin Meyer
86%
#10, Tschechien, Stürmer (C) Roman Cervenka
86%
#8, Schweiz, Stürmer (erweitertes Kader) Mats Alge
79%
#95, Schweiz/Vereinigte Staaten, Stürmer Tyler Moy
79%
#3, Schweden, Verteidiger Emil Djuse
64%
#11, Schweiz, Verteidiger Fabian Maier
64%
#81, Schweiz, Verteidiger Inaki Baragano
64%
#23, Schweiz/Deutschland, Stürmer Nico Dünner
64%
#89, Schweiz, Stürmer Dominic Lammer
57%
#72, Schweiz, Stürmer Gian-Marco Wetter
57%
#71, Dänemark/Kanada, Stürmer Nicklas Jensen
57%
#-, Schweden, Stürmer (seit Dez. 2022) Pontus Aberg
57%
#94, Schweiz, Stürmer Sandro Zangger
57%
#28,Schweiz, Stürmer Yannick-Lennart Albrecht
57%
#19, Vereinigte Staaten, Stürmer Andrew Rowe
50%
#18, Kanada/Schweiz, Stürmer Jeremy Wick
50%
#90, Vereinigte Staaten, Stürmer Jordan Schroeder
50%
#25, Schweiz, Stürmer Nando Eggenberger
50%
#73, Tschechien, Stürmer Petr Cajka
50%
#26, Schweiz, Verteidiger David Aebischer
43%
#56, Kanada, Verteidiger Maxim Noreau
43%
#47, Tschechien, Verteidiger (seit Dez. 2022) Michal Jordan
43%
#22, Schweiz, Verteidiger Rajan Sataric
43%
#85, Schweiz, Stürmer Sandro Forrer
43%
#88, Schweiz, Stürmer Yannick Brüschweiler
43%
#86, Schweiz, Verteidiger (erweitertes Kader) Alain Bircher
29%
#1, Schweiz, Torhüter (erweitertes Kader) Jari Stacher
29%
#41, Schweiz, Verteidiger Leandro Profico
29%
#67, Schweiz, Verteidiger Nathan Vouardoux
29%
#42, Schweiz, Stürmer (erweitertes Kader) Robin Ramsauer
21%
#20, Schweiz, Verteidiger Janis Elsener
14%
Keine übereinstimmenden Quizze gefunden
Verteilung der Resultate
Anzahl Personen mit jedem Resultat
Perzentil nach korrekt beantworteten Fragen
Ihre Resultats-Entwicklung
Sie haben dieses Quiz noch nicht gespielt